000 01631nam a2200349 a 4500
001 ebr10444619
003 CaPaEBR
006 m u
007 cr cn|||||||||
008 100825s2011 mnu sb 001 0 eng d
010 _z 2010036536
020 _z9780816672721 (hc : alk. paper)
020 _z9780816672738 (pb : alk. paper)
020 _z9780816675074 (e-book)
040 _aCaPaEBR
_cCaPaEBR
035 _a(OCoLC)701103935
050 1 4 _aHQ755.8
_b.D83 2011eb
082 0 4 _a306.87401
_222
100 1 _aDuff, Brian.
245 1 4 _aThe parent as citizen
_h[electronic resource] :
_ba democratic dilemma /
_cBrian Duff.
260 _aMinneapolis :
_bUniversity of Minnesota Press,
_cc2011.
300 _ax, 287 p.
504 _aIncludes bibliographical references and index.
505 0 _aIntroduction : the parent and the citizen -- Monsters in the garden : Rousseau on politics and parental virtue-- The tragedy of birth : Nietzsche on parenthood and political contest -- Troubled inheritance : Richard Rorty and the metaphysics of the child -- Deadbeat citizens : Cornel West and the parent as prophet -- Conclusion : exposing the citizen as parent.
533 _aElectronic reproduction.
_bPalo Alto, Calif. :
_cebrary,
_d2011.
_nAvailable via World Wide Web.
_nAccess may be limited to ebrary affiliated libraries.
650 0 _aParenthood.
650 0 _aParents.
650 0 _aCitizenship.
655 7 _aElectronic books.
_2local
710 2 _aebrary, Inc.
856 4 0 _uhttp://site.ebrary.com/lib/rucke/Doc?id=10444619
_zAn electronic book accessible through the World Wide Web; click to view
999 _c246841
_d246841